Statistics for Famous Guitar Solos

Click here to take the quiz!

General Stats

  • This quiz has been taken 141 times
    (128 since last reset)
  • The average score is 16 of 20

Answer Stats

HintAnswer% Correct
Sweet Child O' MineGuns N' Roses
99%
Bohemian RhapsodyQueen
96%
Beat ItMichael Jackson
95%
Stairway To HeavenLed Zeppelin
94%
Smells Like Teen SpiritNirvana
94%
Hotel CaliforniaThe Eagles
93%
ThunderstruckAC DC
91%
Comfortably NumbPink Floyd
89%
Nothing Else MattersMetallica
84%
All Along The WatchtowerThe Jimi Hendrix Experience
84%
LaylaDerek and the Dominos
83%
Free BirdLynyrd Skynyrd
83%
Crazy TrainOzzy Osbourne
83%
Johnny B GoodeChuck Berry
78%
While My Guitar Gently WeepsThe Beatles
76%
Sultans Of SwingDire Straits
75%
Texas FloodStevie Ray Vaughan
50%
CrossroadsCream
49%
The Thrill Is GoneB.B. King
42%
Cliffs Of DoverEric Johnson
41%

Score Distribution

Percentile by Number Answered

Percent of People with Each Score

Your Score History

You have not taken this quiz since the last reset